Statistics for Music Pop-Culture Multiple-Choice #2

Click here to take the quiz!

General Stats

  • This quiz has been taken 111 times
  • The average score is 3 of 5

Answer Stats

QuestionAnswer% Correct
Which song was sung by a male?As It Was (Harry's House)
99%
Which of the following songs is performed by a single artist?Post Malone - Circles
66%
Which song was sung by a female?Dandelions (Safe Haven)
65%
Which album was released in 2021?Olivia Rodrigo - SOUR
64%
Which album was released in 2018?Drake - Scorpion
45%

Score Distribution

Percentile by Number Answered

Percent of People with Each Score

Your Score History

You have not taken this quiz